[Event "CAN-ch Seniors"]
[Site "Kitchener CAN"]
[Date "2010.07.31"]
[Round "2"]
[White "Ortiz, Hugo"]
[Black "Damsic, Joe"]
[Result "1-0"]
[WhiteElo "1582"]
[BlackElo "1917"]
[PlyCount "63"]
[EventDate "2010.07.30"]
[EventType "swiss"]
[EventRounds "7"]
[EventCountry "CAN"]

1. d4 Nf6 2. c4 g6 3. Nc3 Bg7 4. Bg5 O-O 5. Nf3 d6 6. e3 Nbd7 7. Be2 c5 8. d5
Nb6 9. O-O h6 10. Bh4 Bf5 11. Bd3 Bd7 12. Qc2 Qe8 13. Nd2 a6 14. Rab1 e6 15.
dxe6 Bxe6 16. Nce4 Nxe4 17. Nxe4 Qd7 18. Nf6+ Bxf6 19. Bxf6 Bf5 20. Bxf5 Qxf5
21. Qxf5 gxf5 22. b3 Rfe8 23. Rbd1 Re6 24. Bh4 Kf8 25. Rd2 f6 26. Rfd1 Rd8 27.
Bg3 Nc8 28. Rd5 b5 29. cxb5 axb5 30. Rxc5 dxc5 31. Rxd8+ Re8 32. Rd5 1-0

[Event "CAN-ch Seniors"]
[Site "Kitchener CAN"]
[Date "2010.07.31"]
[Round "3"]
[White "Damsic, Joe"]
[Black "Archibald, Colin"]
[Result "0-1"]
[WhiteElo "1917"]
[BlackElo "1420"]
[PlyCount "100"]
[EventDate "2010.07.30"]
[EventType "swiss"]
[EventRounds "7"]
[EventCountry "CAN"]

1. e4 g6 2. d4 b6 3. Nf3 Bg7 4. Nc3 Bb7 5. Bc4 e6 6. O-O Ne7 7. Bg5 h6 8. Bf4
a6 9. a4 d6 10. Re1 Nd7 11. Qd2 g5 12. Bg3 Ng6 13. d5 e5 14. h3 O-O 15. b4 Qe8
16. Nh2 f5 17. exf5 Rxf5 18. Bd3 Rf8 19. Be4 Nf6 20. Qd3 Nxe4 21. Nxe4 Bc8 22.
c4 Bf5 23. f3 Nf4 24. Qc2 Qg6 25. Rad1 h5 26. c5 g4 27. Bxf4 exf4 28. hxg4 hxg4
29. fxg4 Bxg4 30. Nxg4 Qxg4 31. Nf2 Qd7 32. c6 Qd8 33. Re6 Rf6 34. Qe4 Qf8 35.
Ng4 Rxe6 36. Qxe6+ Qf7 37. Qxf7+ Kxf7 38. Re1 Re8 39. Rxe8 Kxe8 40. Kf2 Ke7 41.
Kf3 Be5 42. Nxe5 dxe5 43. Ke4 Kd6 44. b5 a5 45. g4 fxg3 46. Kf3 Kxd5 47. Kxg3
Kd4 48. Kf2 Kd3 49. Ke1 Ke3 50. Kf1 Kd2 0-1

[Event "CAN-ch Seniors"]
[Site "Kitchener CAN"]
[Date "2010.07.31"]
[Round "3"]
[White "Deline, Ralph"]
[Black "Ortiz, Hugo"]
[Result "1-0"]
[WhiteElo "1887"]
[BlackElo "1582"]
[PlyCount "59"]
[EventDate "2010.07.30"]
[EventType "swiss"]
[EventRounds "7"]
[EventCountry "CAN"]

1. e4 c6 2. d4 d5 3. exd5 cxd5 4. c4 Nf6 5. Nc3 e6 6. Nf3 Bb4 7. Bd2 O-O 8. a3
Bxc3 9. Bxc3 Re8 10. Be2 Ne4 11. O-O Nxc3 12. bxc3 dxc4 13. Bxc4 Qc7 14. Qd3 h6
15. Rfe1 Bd7 16. Bb3 Nc6 17. Bc2 g6 18. h4 e5 19. Qe3 Kg7 20. dxe5 Bg4 21. Nd4
Rxe5 22. Qd2 Rxe1+ 23. Rxe1 h5 24. Nxc6 bxc6 25. Qd4+ Kg8 26. Qf6 Qd7 27. Re7
Qd5 28. Bxg6 Rf8 29. Bxf7+ Rxf7 30. Re8+ 1-0

[Event "CAN-ch Seniors"]
[Site "Kitchener CAN"]
[Date "2010.08.??"]
[Round "3"]
[White "Glew, Richard"]
[Black "Kiss, Istvan3"]
[Result "0-1"]
[WhiteElo "1826"]
[BlackElo "1825"]
[PlyCount "52"]
[EventDate "2010.07.30"]
[EventType "swiss"]
[EventRounds "7"]
[EventCountry "CAN"]

1. e4 c5 2. Nf3 Nc6 3. d4 cxd4 4. Nxd4 a6 5. Nc3 e5 6. Nb3 Nf6 7. Bg5 Be7 8.
Qd2 d6 9. O-O-O Be6 10. Bxf6 gxf6 11. Nd5 O-O 12. Nxe7+ Qxe7 13. Qxd6 Qe8 14.
Qd3 Nb4 15. Qg3+ Kh8 16. Kb1 Qa4 17. a3 Nxc2 18. Rd3 Rfc8 19. Qf3 f5 20. exf5
Bxb3 21. Rxb3 Nd4 22. Qd5 Nxb3 23. Be2 f6 24. Rd1 Nd4 25. Qxb7 Qc2+ 26. Ka2
Rcb8 0-1

[Event "CAN-ch Seniors"]
[Site "Kitchener CAN"]
[Date "2010.07.31"]
[Round "3"]
[White "Maheux, Pierre"]
[Black "Finlay, Ian"]
[Result "0-1"]
[WhiteElo "1887"]
[BlackElo "1934"]
[PlyCount "38"]
[EventDate "2010.07.30"]
[EventType "swiss"]
[EventRounds "7"]
[EventCountry "CAN"]

1. e4 e5 2. Nf3 Nc6 3. Bb5 a6 4. Ba4 Nf6 5. O-O Nxe4 6. Re1 Nc5 7. Bxc6 dxc6 8.
Nxe5 Be6 9. c4 Nd7 10. d4 Nxe5 11. Rxe5 Bd6 12. Re1 O-O 13. c5 Be7 14. Nc3 Qd7
15. Be3 Rad8 16. Qe2 Rfe8 17. b4 Bg4 18. f3 Bg5 19. Ne4 Rxe4 0-1

[Event "CAN-ch Seniors"]
[Site "Kitchener CAN"]
[Date "2010.07.31"]
[Round "3"]
[White "Solis, Jaime"]
[Black "Verny, Thomas"]
[Result "1-0"]
[WhiteElo "1828"]
[BlackElo "1725"]
[PlyCount "95"]
[EventDate "2010.07.30"]
[EventType "swiss"]
[EventRounds "7"]
[EventCountry "CAN"]

1. e4 e5 2. Nf3 Nc6 3. Bb5 Nf6 4. Nc3 a6 5. Ba4 Bc5 6. O-O b5 7. Bb3 d6 8. d3
h6 9. h3 Na5 10. Bd5 c6 11. Bb3 Nxb3 12. axb3 O-O 13. Qe2 Qc7 14. Bd2 Re8 15.
Nd1 d5 16. b4 Bb6 17. Nc3 dxe4 18. dxe4 Be6 19. b3 Nh5 20. Kh2 Nf4 21. Bxf4
exf4 22. Kh1 c5 23. Na2 c4 24. Nd2 c3 25. Nf3 Bd5 26. e5 Bxf3 27. Qxf3 Qxe5 28.
Rae1 Qd4 29. Rd1 Qf6 30. Nxc3 Rac8 31. Nd5 Qc6 32. Qxf4 Ba7 33. Ne3 Re4 34. Qf5
Rce8 35. Rd7 R4e7 36. Rfd1 Bxe3 37. fxe3 Qe6 38. Qxe6 Rxe6 39. R7d6 Rxd6 40.
Rxd6 Re6 41. Rxe6 fxe6 42. c4 Kf7 43. Kg1 Ke7 44. Kf2 Kd6 45. Ke2 Kc6 46. Kd3
a5 47. bxa5 Kc5 48. cxb5 1-0

[Event "CAN-ch Seniors"]
[Site "Kitchener CAN"]
[Date "2010.08.01"]
[Round "4"]
[White "Archibald, Colin"]
[Black "Glew, Richard"]
[Result "1/2-1/2"]
[WhiteElo "1420"]
[BlackElo "1826"]
[PlyCount "91"]
[EventDate "2010.07.30"]
[EventType "swiss"]
[EventRounds "7"]
[EventCountry "CAN"]

1. d4 d5 2. Bf4 Nf6 3. Nf3 e6 4. h3 c5 5. e3 Nc6 6. c3 a6 7. Bd3 c4 8. Bc2 Bd6
9. Bxd6 Qxd6 10. Nbd2 b5 11. a3 e5 12. dxe5 Nxe5 13. Nxe5 Qxe5 14. Nf3 Qc7 15.
Qd4 O-O 16. O-O-O Re8 17. g4 Ne4 18. Rdf1 Bb7 19. h4 Rad8 20. g5 Qe7 21. Qd1 f5
22. gxf6 Qxf6 23. Bxe4 dxe4 24. Nd4 Rf8 25. Rh2 Qe5 26. Rfh1 Rd6 27. h5 Rdf6
28. Qg1 Bc8 29. h6 g6 30. Rg2 Qd6 31. Rhh2 R8f7 32. Kd2 Bd7 33. Ke2 a5 34. Kd2
b4 35. axb4 axb4 36. Qa1 bxc3+ 37. bxc3 Qf8 38. Qa5 Rxf2+ 39. Rxf2 Rxf2+ 40.
Rxf2 Qxf2+ 41. Ne2 Qf8 42. Qd5+ Qf7 43. Qxe4 Bf5 44. Qa8+ Qf8 45. Qd5+ Qf7 46.
Qd8+ 1/2-1/2

[Event "CAN-ch Seniors"]
[Site "Kitchener CAN"]
[Date "2010.08.01"]
[Round "4"]
[White "Finlay, Ian"]
[Black "Kiss, Istvan3"]
[Result "1-0"]
[WhiteElo "1934"]
[BlackElo "1825"]
[PlyCount "103"]
[EventDate "2010.07.30"]
[EventType "swiss"]
[EventRounds "7"]
[EventCountry "CAN"]

1. e4 c5 2. Nf3 g6 3. d4 Bg7 4. Bc4 cxd4 5. Nxd4 Nf6 6. Nc3 d6 7. f3 O-O 8. Be3
Qc7 9. Bb3 a6 10. a4 Nc6 11. a5 Nxa5 12. O-O Nxb3 13. Nxb3 Bd7 14. g4 Bc6 15.
Na5 Rfc8 16. Nxc6 bxc6 17. Qe2 Qb7 18. Na4 Nd7 19. c3 c5 20. Bg5 Bf6 21. Qd2
Rd8 22. Rf2 Nb6 23. Bxf6 exf6 24. h4 Nc4 25. Qh6 Qe7 26. b3 Ne5 27. Nb6 Ra7 28.
Nd5 Qe6 29. g5 Nd7 30. h5 fxg5 31. hxg6 fxg6 32. Rh2 Ne5 33. Kg2 Ng4 34. Qxg5
Re8 35. Qxg4 Qxg4+ 36. fxg4 Kg7 37. Kf3 Rf8+ 38. Ke2 a5 39. Rah1 Kg8 40. g5 Rb8
41. Nf6+ Kf8 42. Rf2 Rxb3 43. Nd7+ Kg7 44. Nf6 Rb2+ 45. Ke3 Rxf2 46. Rxh7+ Kf8
47. Rxa7 Ra2 48. Kd3 a4 49. Kc4 Rg2 50. Rxa4 Ke7 51. Ra7+ Ke6 52. Nd5 1-0

[Event "CAN-ch Seniors"]
[Site "Kitchener CAN"]
[Date "2010.08.01"]
[Round "4"]
[White "Solis, Jaime"]
[Black "Deline, Ralph"]
[Result "1/2-1/2"]
[WhiteElo "1828"]
[BlackElo "1887"]
[PlyCount "87"]
[EventDate "2010.07.30"]
[EventType "swiss"]
[EventRounds "7"]
[EventCountry "CAN"]

1. e4 g6 2. d4 Bg7 3. Nf3 d6 4. Be2 Nf6 5. Nbd2 O-O 6. O-O Nbd7 7. c3 a5 8. Qc2
c6 9. Re1 e5 10. dxe5 dxe5 11. Nc4 Qc7 12. h3 b5 13. Ncd2 Nc5 14. Bf1 a4 15.
Rb1 h6 16. b4 axb3 17. axb3 Be6 18. Bb2 Nh5 19. Ra1 f5 20. Ba3 Qb6 21. Bxc5
Qxc5 22. b4 Qe7 23. exf5 Bxf5 24. Bd3 Nf4 25. Bxf5 Rxa1 26. Rxa1 gxf5 27. Nb3
e4 28. Re1 Qf6 29. Nfd4 Qg6 30. f3 exf3 31. Nxf3 Nxh3+ 32. Kh2 Nf4 33. Nbd4 Nd5
34. Re6 Qh5+ 35. Kg1 Rf6 36. Rxc6 Rxc6 37. Nxc6 Bxc3 38. Qb3 Qf7 39. Qxd5 Qxd5
40. Ne7+ Kf7 41. Nxd5 Bg7 42. Kf1 Bf8 43. Nc7 Bxb4 44. Nxb5 1/2-1/2

[Event "CAN-ch Seniors"]
[Site "Kitchener CAN"]
[Date "2010.08.01"]
[Round "4"]
[White "Verny, Thomas"]
[Black "Damsic, Joe"]
[Result "0-1"]
[WhiteElo "1725"]
[BlackElo "1917"]
[PlyCount "76"]
[EventDate "2010.07.30"]
[EventType "swiss"]
[EventRounds "7"]
[EventCountry "CAN"]

1. d4 Nf6 2. Nf3 g6 3. c4 Bg7 4. Nc3 O-O 5. Bg5 d6 6. e3 h6 7. Bh4 c5 8. d5 Bg4
9. Be2 e6 10. e4 Qc7 11. h3 Bxf3 12. Bxf3 Nbd7 13. Be2 a6 14. O-O Rab8 15. Bg3
Ne8 16. Qd2 e5 17. Bd3 Ndf6 18. f4 Nh5 19. Bh2 exf4 20. Bxf4 Nxf4 21. Rxf4 Nf6
22. a4 Rbe8 23. Re1 Qe7 24. Nd1 Nh5 25. Rf3 Qe5 26. g4 Nf6 27. Re2 Nh7 28. Kg2
h5 29. Qf4 hxg4 30. hxg4 Ng5 31. Qxe5 Bxe5 32. Rf1 Kg7 33. Nf2 Rh8 34. Rh1 Rxh1
35. Nxh1 Rh8 36. Nf2 Rh2+ 37. Kf1 Bd4 38. Kg1 Rxf2 0-1

[Event "CAN-ch Seniors"]
[Site "Kitchener CAN"]
[Date "2010.08.01"]
[Round "5"]
[White "Archibald, Colin"]
[Black "Solis, Jaime"]
[Result "1/2-1/2"]
[WhiteElo "1420"]
[BlackElo "1828"]
[PlyCount "90"]
[EventDate "2010.07.30"]
[EventType "swiss"]
[EventRounds "7"]
[EventCountry "CAN"]

1. d4 Nf6 2. Bf4 g6 3. Nf3 Bg7 4. h3 d6 5. e3 c6 6. c3 Nbd7 7. Be2 a5 8. a4 Nb6
9. Nbd2 O-O 10. O-O Nbd7 11. Qc2 Re8 12. Rfe1 e5 13. dxe5 dxe5 14. Bh2 h6 15.
Ne4 Qc7 16. Rad1 Bf8 17. Rd2 Kg7 18. Bf1 b6 19. Red1 Bb7 20. Nd6 Bxd6 21. Rxd6
Red8 22. Be2 Nd5 23. Rxd7 Rxd7 24. g4 f6 25. h4 Ne7 26. Nd4 Ng8 27. Bc4 Rd6 28.
h5 Ne7 29. Ne6+ Rxe6 30. Bxe6 Rd8 31. f4 Rxd1+ 32. Qxd1 Bc8 33. Bb3 exf4 34.
exf4 gxh5 35. gxh5 Qd7 36. Qxd7 Bxd7 37. Bd1 Kf7 38. Bg3 Be6 39. Bf2 Nc8 40. b4
Ke7 41. bxa5 bxa5 42. Bc5+ Kd7 43. Bd4 Ke7 44. Kf2 Kf7 45. Kg3 Bd7 1/2-1/2

[Event "CAN-ch Seniors"]
[Site "Kitchener CAN"]
[Date "2010.08.01"]
[Round "5"]
[White "Deline, Ralph"]
[Black "Finlay, Ian"]
[Result "1-0"]
[WhiteElo "1887"]
[BlackElo "1934"]
[PlyCount "117"]
[EventDate "2010.07.30"]
[EventType "swiss"]
[EventRounds "7"]
[EventCountry "CAN"]

1. e4 e5 2. Nf3 Nc6 3. Bc4 Nf6 4. d3 d6 5. c3 Na5 6. Bb5+ Bd7 7. Bxd7+ Nxd7 8.
b4 Nc6 9. Nbd2 h6 10. Nf1 Ne7 11. Ne3 c6 12. Qb3 a5 13. Nc4 Qc7 14. Nxa5 d5 15.
Qc2 c5 16. Qe2 cxb4 17. O-O Rxa5 18. cxb4 Ra6 19. exd5 Nxd5 20. Bb2 Bd6 21. b5
Ra4 22. Rfc1 Qb8 23. d4 O-O 24. dxe5 Rg4 25. Ne1 Nxe5 26. Bxe5 Rxg2+ 27. Nxg2
Bxe5 28. Qc4 Bxa1 29. Rxa1 Qe5 30. Re1 Qf5 31. a4 Rc8 32. Qd4 Nf6 33. Ne3 Qg6+
34. Kf1 Qh5 35. Qf4 Qh3+ 36. Kg1 Rc5 37. Kh1 Rg5 38. Rg1 Rxg1+ 39. Kxg1 Qd7 40.
Qc4 Qe7 41. b6 Ne4 42. Qc8+ Kh7 43. Qc7 Qxc7 44. bxc7 Nd6 45. Kg2 Kg8 46. Kf3
Kf8 47. Nd5 Nc8 48. a5 Ke8 49. Nb6 Na7 50. c8=Q+ Nxc8 51. Nxc8 Kd7 52. Nb6+ Kc6
53. Nc4 Kc5 54. Nb6 Kb5 55. Nc8 Kxa5 56. Nd6 b5 57. Nxf7 b4 58. Ne5 b3 59. Nd3
1-0

[Event "CAN-ch Seniors"]
[Site "Kitchener CAN"]
[Date "2010.08.01"]
[Round "5"]
[White "Glew, Richard"]
[Black "Verny, Thomas"]
[Result "1-0"]
[WhiteElo "1826"]
[BlackElo "1725"]
[PlyCount "53"]
[EventDate "2010.07.30"]
[EventType "swiss"]
[EventRounds "7"]
[EventCountry "CAN"]

1. e4 e5 2. Nf3 Nc6 3. Bb5 a6 4. Ba4 Nf6 5. O-O b5 6. Bb3 Bc5 7. Nxe5 Nxe5 8.
d4 Bxd4 9. Qxd4 Nc6 10. Qd1 O-O 11. Re1 d6 12. Bg5 h6 13. Bh4 Bg4 14. Bxf6 Qxf6
15. Qxg4 Qxb2 16. Nd2 Ne5 17. Qe2 Qd4 18. Nf3 Qb6 19. Nxe5 dxe5 20. Red1 c5 21.
Bd5 Ra7 22. Qh5 Re7 23. Rd3 c4 24. Rg3 Kh8 25. Rd1 f6 26. Qg6 Qc5 27. Be6 1-0

[Event "CAN-ch Seniors"]
[Site "Kitchener CAN"]
[Date "2010.08.01"]
[Round "5"]
[White "Kiss, Istvan3"]
[Black "Ortiz, Hugo"]
[Result "1-0"]
[WhiteElo "1825"]
[BlackElo "1582"]
[PlyCount "63"]
[EventDate "2010.07.30"]
[EventType "swiss"]
[EventRounds "7"]
[EventCountry "CAN"]

1. e4 c6 2. Nf3 d5 3. exd5 cxd5 4. d4 Bg4 5. h3 Bh5 6. c3 Nc6 7. Be2 e6 8. O-O
Nf6 9. Ne5 Bxe2 10. Qxe2 Be7 11. Nd2 O-O 12. Ndf3 Ne4 13. Nh2 Nxe5 14. dxe5 Rc8
15. Be3 Bc5 16. Rad1 Qb6 17. Bxc5 Nxc5 18. Rd4 Nd7 19. Rh4 Rc4 20. Rxc4 dxc4
21. Rd1 Qb5 22. Nf3 Nb6 23. Rd4 h6 24. Rg4 Qa4 25. Qd2 Kh8 26. b3 Qc6 27. Rh4
f6 28. Rxh6+ Kg8 29. Rg6 fxe5 30. Qh6 Qc7 31. Ng5 Rd8 32. Qh7+ 1-0

[Event "CAN-ch Seniors"]
[Site "Kitchener CAN"]
[Date "2010.08.01"]
[Round "5"]
[White "Maheux, Pierre"]
[Black "Damsic, Joe"]
[Result "1-0"]
[WhiteElo "1846"]
[BlackElo "1917"]
[PlyCount "95"]
[EventDate "2010.07.30"]
[EventType "swiss"]
[EventRounds "7"]
[EventCountry "CAN"]

1. e4 c5 2. Nf3 Nc6 3. Bb5 g6 4. O-O Bg7 5. Bxc6 bxc6 6. e5 d6 7. exd6 Qxd6 8.
d3 Nf6 9. Nbd2 O-O 10. Nc4 Qc7 11. Re1 Be6 12. Nce5 Ng4 13. Bf4 Qb7 14. b3 Rad8
15. Qe2 Nf6 16. c4 Nh5 17. Bd2 Rd6 18. g4 Nf6 19. h3 h5 20. g5 Bxh3 21. gxf6
exf6 22. Ng5 fxg5 23. Bxg5 Re6 24. Qf3 Bxe5 25. Qxh3 Bxa1 26. Rxa1 Rfe8 27. Be3
Qe7 28. d4 cxd4 29. Bxd4 Re1+ 30. Rxe1 Qxe1+ 31. Kh2 Qe4 32. Bxa7 Qf4+ 33. Kg2
Re5 34. Be3 Qe4+ 35. Kh2 Rf5 36. a4 Qc2 37. Bb6 Qe2 38. a5 Qe5+ 39. Qg3 Qxg3+
40. Kxg3 Re5 41. a6 Re8 42. b4 Kf8 43. Bc5+ Kg7 44. a7 Kf6 45. b5 cxb5 46. cxb5
Ke6 47. b6 Kd7 48. b7 1-0

[Event "CAN-ch Seniors"]
[Site "Kitchener CAN"]
[Date "2010.08.02"]
[Round "6"]
[White "Damsic, Joe"]
[Black "Finlay, Ian"]
[Result "0-1"]
[WhiteElo "1917"]
[BlackElo "1934"]
[PlyCount "56"]
[EventDate "2010.07.30"]
[EventType "swiss"]
[EventRounds "7"]
[EventCountry "CAN"]

1. e4 c5 2. Nf3 e6 3. Nc3 Nc6 4. Bc4 a6 5. a3 Qc7 6. d4 cxd4 7. Nxd4 Nf6 8. f4
Nxd4 9. Qxd4 Bc5 10. Qd3 Ng4 11. Rf1 Nxh2 12. Rh1 Ng4 13. Rf1 b5 14. Bb3 Qa7
15. Nd1 Bb7 16. a4 b4 17. a5 Rd8 18. c4 O-O 19. Qg3 f5 20. Bc2 Bd4 21. Ra2 Qc5
22. b3 d6 23. Bb1 Nf6 24. Be3 Bxe4 25. Bxd4 Qxd4 26. Bxe4 Nxe4 27. Qe3 Qxe3+
28. Nxe3 Nc5 0-1

[Event "CAN-ch Seniors"]
[Site "Kitchener CAN"]
[Date "2010.08.02"]
[Round "6"]
[White "Glew, Richard"]
[Black "Solis, Jaime"]
[Result "1/2-1/2"]
[WhiteElo "1826"]
[BlackElo "1828"]
[PlyCount "175"]
[EventDate "2010.07.30"]
[EventType "swiss"]
[EventRounds "7"]
[EventCountry "CAN"]

1. e4 e5 2. Nf3 Nc6 3. Bb5 a6 4. Ba4 Nf6 5. O-O Be7 6. d4 exd4 7. Re1 O-O 8. e5
Ne8 9. c3 d6 10. Bxc6 bxc6 11. Nxd4 Bb7 12. e6 c5 13. exf7+ Rxf7 14. Ne6 Qd7
15. Nxc5 Qc6 16. Nxb7 Qxb7 17. Qb3 Qxb3 18. axb3 Nf6 19. Ra4 h6 20. Nd2 Nd7 21.
Rae4 Kf8 22. b4 c5 23. Nf3 Nf6 24. Re6 cxb4 25. cxb4 Rb8 26. Bd2 Nd5 27. Rc1
Kg8 28. Re4 Bf6 29. Rc6 Bxb2 30. Rxd6 Nf6 31. Rc4 Ra8 32. Rd3 Nd7 33. Bc3 Bxc3
34. Rdxc3 Ra7 35. Ra3 Rf6 36. h3 Rb7 37. Ra5 Rbb6 38. Ra4 Rbd6 39. Rd4 Rc6 40.
Nd2 Rb6 41. Nb3 Nb8 42. Nc5 Rf7 43. g4 Kh7 44. Kg2 Rc7 45. Re4 Rcc6 46. f4 Rd6
47. f5 Rd2+ 48. Kg3 Rb2 49. Ne6 Kg8 50. Nc7 Kf7 51. Re6 Rb3+ 52. Kf4 R3xb4+ 53.
Rxb4 Rxb4+ 54. Ke5 a5 55. Nd5 Rb7 56. h4 Nd7+ 57. Kd6 Nf6 58. g5 Rd7+ 59. Kc6
Rxd5 60. gxf6 Rxf5 61. fxg7 Kxg7 62. Re7+ Kg6 63. Ra7 Kh5 64. Kd6 Kg6 65. Ke6
Rb5 66. Kd6 Rh5 67. Ra8 Rxh4 68. Rxa5 Re4 69. Kd5 Re1 70. Ra6+ Kg5 71. Ra8 h5
72. Rg8+ Kf4 73. Rf8+ Kg4 74. Rg8+ Kh3 75. Kd4 h4 76. Kd3 Kh2 77. Kd2 Re7 78.
Rg4 h3 79. Rg8 Kh1 80. Rh8 h2 81. Rg8 Ra7 82. Ke2 Ra1 83. Kf3 Rf1+ 84. Ke2 Rg1
85. Rb8 Rg7 86. Kf2 Rf7+ 87. Kg3 Rf1 88. Rb2 1/2-1/2

[Event "CAN-ch Seniors"]
[Site "Kitchener CAN"]
[Date "2010.08.02"]
[Round "6"]
[White "Kiss, Istvan3"]
[Black "Deline, Ralph"]
[Result "0-1"]
[WhiteElo "1825"]
[BlackElo "1887"]
[PlyCount "44"]
[EventDate "2010.07.30"]
[EventType "swiss"]
[EventRounds "7"]
[EventCountry "CAN"]

1. e4 c5 2. Nf3 Nc6 3. d4 cxd4 4. Nxd4 Nf6 5. Nc3 e5 6. Nf5 d6 7. Ng3 Be7 8.
Bc4 Be6 9. Nd5 h6 10. c3 O-O 11. O-O Na5 12. Bb3 Nxb3 13. axb3 Nxd5 14. exd5
Bd7 15. Re1 f5 16. Qe2 f4 17. Nh5 Bg5 18. h4 Bxh4 19. Kh2 Qg5 20. Nxg7 Qxg7 21.
Rg1 Bg3+ 22. Kh1 Bg4 0-1

[Event "CAN-ch Seniors"]
[Site "Kitchener CAN"]
[Date "2010.08.02"]
[Round "6"]
[White "Ortiz, Hugo"]
[Black "Archibald, Colin"]
[Result "1-0"]
[WhiteElo "1582"]
[BlackElo "1420"]
[PlyCount "95"]
[EventDate "2010.07.30"]
[EventType "swiss"]
[EventRounds "7"]
[EventCountry "CAN"]

1. d4 d5 2. c4 e6 3. Nc3 c6 4. Nf3 Nf6 5. Bg5 Nbd7 6. e3 Be7 7. Bd3 O-O 8. c5
a5 9. O-O Re8 10. h3 Nf8 11. Qc2 h6 12. Bf4 N6d7 13. Na4 Bf6 14. Qc3 g5 15. Bh2
Kg7 16. Nd2 Ng6 17. f4 gxf4 18. exf4 Nh4 19. Nf3 Nf5 20. Ne5 Nf8 21. Kh1 Bh4
22. Be2 Ng6 23. Bh5 Rf8 24. g3 Bf6 25. Bg1 Kh7 26. Bf2 Ng7 27. Be2 h5 28. Bd3
Nf5 29. Qc2 Kh6 30. Rg1 Bxe5 31. fxe5 Qg5 32. Rg2 Ne3 33. h4 Nxc2 34. hxg5+
Kxg5 35. Bxc2 Kh6 36. Be3+ Kg7 37. Rf2 f5 38. exf6+ Rxf6 39. Rxf6 Kxf6 40. Rf1+
Kg7 41. Bxg6 Kxg6 42. Rf8 b6 43. Nxb6 Ra7 44. Rxc8 Rf7 45. Bf4 Kf5 46. Rxc6 Ke4
47. Rxe6+ Kxd4 48. c6 1-0

[Event "CAN-ch Seniors"]
[Site "Kitchener CAN"]
[Date "2010.08.02"]
[Round "6"]
[White "Verny, Thomas"]
[Black "Maheux, Pierre"]
[Result "0-1"]
[WhiteElo "1725"]
[BlackElo "1846"]
[PlyCount "68"]
[EventDate "2010.07.30"]
[EventType "swiss"]
[EventRounds "7"]
[EventCountry "CAN"]

1. d4 c5 2. c3 e6 3. e4 Nf6 4. e5 Nd5 5. Bc4 Nb6 6. Bb3 Nc6 7. Nf3 d5 8. Be3 c4
9. Bc2 Be7 10. O-O O-O 11. Nfd2 f5 12. f4 Qe8 13. b3 Bd7 14. bxc4 dxc4 15. a4
Na5 16. Rf3 Bc6 17. Rh3 Nd5 18. Qe2 Nxe3 19. Qxe3 Kh8 20. Qe2 Bd5 21. g4 g6 22.
g5 a6 23. Nf3 b5 24. axb5 axb5 25. Nbd2 Nb3 26. Rxa8 Qxa8 27. Bxb3 cxb3 28. Nh4
Rg8 29. Qxb5 Rb8 30. Qd3 Qa1+ 31. Kf2 b2 32. c4 Be4 33. Nxe4 fxe4 34. Qxe4 b1=Q
0-1

[Event "CAN-ch Seniors"]
[Site "Kitchener CAN"]
[Date "2010.08.02"]
[Round "7"]
[White "Deline, Ralph"]
[Black "Archibald, Colin"]
[Result "1-0"]
[WhiteElo "1887"]
[BlackElo "1420"]
[PlyCount "61"]
[EventDate "2010.07.30"]
[EventType "swiss"]
[EventRounds "7"]
[EventCountry "CAN"]

1. e4 g6 2. d4 b6 3. c4 Bg7 4. Nc3 e6 5. Nf3 h6 6. Be2 Bb7 7. O-O Ne7 8. Re1 a6
9. d5 e5 10. Be3 d6 11. Qd2 Nd7 12. b4 Nf8 13. a4 f5 14. g3 Bc8 15. Nh4 g5 16.
Bh5+ Kd7 17. Nxf5 Nxf5 18. exf5 Qf6 19. Qe2 Kd8 20. g4 Bd7 21. Ne4 Qe7 22. c5
b5 23. cxd6 cxd6 24. Bb6+ Kc8 25. Qc2+ Bc6 26. Qxc6+ Kb8 27. Rac1 Nh7 28. Bc7+
Kc8 29. Bxd6+ Kd8 30. Qxa8+ Kd7 31. Rc7# 1-0

[Event "CAN-ch Seniors"]
[Site "Kitchener CAN"]
[Date "2010.08.02"]
[Round "7"]
[White "Finlay, Ian"]
[Black "Verny, Thomas"]
[Result "0-1"]
[WhiteElo "1934"]
[BlackElo "1725"]
[PlyCount "124"]
[EventDate "2010.07.30"]
[EventType "swiss"]
[EventRounds "7"]
[EventCountry "CAN"]

1. e4 e5 2. Nf3 Nc6 3. d4 exd4 4. Nxd4 Bc5 5. Nb3 Bb6 6. a4 Qf6 7. Qe2 d6 8.
Nc3 Nd4 9. Nxd4 Bxd4 10. Nb5 Kd8 11. c3 Be5 12. h4 Qe7 13. f4 Bf6 14. g3 a6 15.
Na3 Nh6 16. f5 Be5 17. Bf4 Re8 18. Bxe5 Qxe5 19. O-O-O Qxe4 20. Qxe4 Rxe4 21.
f6 gxf6 22. Bd3 Rg4 23. Bxh7 f5 24. Rhe1 Rg7 25. Bxf5 Nxf5 26. Nc4 Be6 27. Ne5
Rxg3 28. h5 Ke7 29. Nd3 Rh8 30. Nf4 Rg4 31. Rxe6+ fxe6 32. Ng6+ Rxg6 33. hxg6
Rg8 34. Rh1 Rxg6 35. Rh8 d5 36. b4 Rg2 37. a5 Ne3 38. Rb8 Rc2+ 39. Kb1 Rxc3 40.
Rxb7 Rc6 41. b5 axb5 42. Rxb5 Nc4 43. Ka2 Ra6 44. Kb3 Rxa5 45. Rb7 Kd7 46. Kb4
Ra6 47. Kc5 Rc6+ 48. Kd4 Kd6 49. Rb8 e5+ 50. Kd3 Rb6 51. Rd8+ Kc5 52. Kc3 Nd6
53. Rh8 d4+ 54. Kc2 Kd5 55. Rh5 c5 56. Rh3 c4 57. Rh5 d3+ 58. Kc1 c3 59. Rh4 e4
60. Rh5+ Kd4 61. Rh1 c2 62. Rg1 Nc4 0-1

[Event "CAN-ch Seniors"]
[Site "Kitchener CAN"]
[Date "2010.08.02"]
[Round "7"]
[White "Solis, Jaime"]
[Black "Ortiz, Hugo"]
[Result "1/2-1/2"]
[WhiteElo "1828"]
[BlackElo "1582"]
[PlyCount "76"]
[EventDate "2010.07.30"]
[EventType "swiss"]
[EventRounds "7"]
[EventCountry "CAN"]

1. e4 c6 2. d4 d5 3. e5 Bf5 4. Bd3 Bxd3 5. Qxd3 e6 6. Nf3 Ne7 7. O-O Ng6 8. c3
Be7 9. Be3 O-O 10. Nbd2 Nd7 11. h3 c5 12. Qe2 Rc8 13. Rfc1 cxd4 14. cxd4 Qb6
15. Nb3 a6 16. Rxc8 Rxc8 17. Rc1 Rxc1+ 18. Nxc1 Qc6 19. Qd1 Nb6 20. Nd2 Nc4 21.
Nxc4 Qxc4 22. Qb3 b5 23. a3 f6 24. Qxc4 bxc4 25. f4 f5 26. Ne2 Kf7 27. g3 Nf8
28. Kf2 h6 29. Kf3 g6 30. Nc3 Nd7 31. Na4 h5 32. h4 Ke8 33. Ke2 Kd8 34. Kd2 Kc7
35. Kc2 Kc6 36. Nc3 Kb6 37. Bf2 Bf8 38. Na4+ Kb5 1/2-1/2

[Event "CAN-ch U20"]
[Site "Toronto CAN"]
[Date "2010.04.30"]
[Round "1"]
[White "Cheng, Bindi"]
[Black "Xu, Haizhou"]
[Result "0-1"]
[WhiteElo "2422"]
[BlackElo "2037"]
[PlyCount "66"]
[EventDate "2010.04.30"]
[EventType "swiss"]
[EventRounds "9"]
[EventCountry "CAN"]

1. e4 c5 2. Nf3 d6 3. Nc3 Nf6 4. d4 cxd4 5. Nxd4 a6 6. Be3 e6 7. f4 b5 8. Qf3
Bb7 9. a3 Nbd7 10. Bd3 Be7 11. g4 Nc5 12. g5 Nfd7 13. h4 Qc7 14. O-O-O O-O-O
15. Kb1 Kb8 16. Rc1 Qa5 17. Bd2 Qb6 18. Qe3 d5 19. exd5 Nxd3 20. Qxd3 Nc5 21.
Qe2 Bxd5 22. Rhd1 Ne4 23. Nxd5 exd5 24. Ba5 Qb7 25. Bxd8 Rxd8 26. Nf5 Bc5 27.
Rd3 b4 28. Ka2 Ka7 29. axb4 Qxb4 30. Ra3 Qxa3+ 31. bxa3 Nc3+ 32. Kb3 Nxe2 33.
Re1 Rb8+ 0-1

[Event "CAN-ch U20"]
[Site "Toronto CAN"]
[Date "2010.04.30"]
[Round "1"]
[White "Kleinman, Michael"]
[Black "Eumague, Griffen"]
[Result "1-0"]
[WhiteElo "2223"]
[BlackElo "1635"]
[PlyCount "51"]
[EventDate "2010.04.30"]
[EventType "swiss"]
[EventRounds "9"]
[EventCountry "CAN"]

1. e4 d6 2. d4 Nf6 3. Nc3 g6 4. Bc4 Bg7 5. Qe2 Nc6 6. Nf3 O-O 7. e5 dxe5 8.
dxe5 Ne8 9. h3 Na5 10. Bd3 Be6 11. Ng5 Bd5 12. f4 f6 13. Nxh7 Kxh7 14. Qh5+ Kg8
15. Bxg6 Rf7 16. e6 Bxe6 17. Bxf7+ Bxf7 18. Qxa5 Nd6 19. Qc5 Qd7 20. Qf2 e5 21.
fxe5 Nc4 22. exf6 Re8+ 23. Ne2 Bxf6 24. Qxf6 Rxe2+ 25. Kxe2 Bh5+ 26. g4 1-0